000 00669nam a2200289Ia 4500
005 20260324151046.0
008 008 260324s9999 xx 000 0 eng d
020 _a9780429459184
037 _aEBOOK
040 _aCRL
040 _beng
040 _cCRL
041 _2eng
041 _aeng
084 _qCRL
100 _aJ. Ernst Wülfing
_91228575
245 4 _aThe Laud Troy Book
245 2 _bA Romance of about 1400 A.D.
260 _bTaylor and Francis
260 _c1902
365 _a
365 _b265
856 _uhttp://www.taylorfrancis.com/books/9780429459184
942 _cEBOOK
999 _c1839059
_d1839059